Europe Capital quiz (Hard) - Statistics

General Stats
  • This quiz has been taken 8 times
  • The average score is 41 of 44
Answers on the Map
Answers color-coded by a green-red scale on the quiz's map according to % correct below.
 
Answer Stats
Answer % Correct
Amsterdam
100%
Andorra la Vella
100%
Berlin
100%
Brussels
100%
Chisinau
100%
Copenhagen
100%
Dublin
100%
Helsinki
100%
Kiev
100%
Lisbon
100%
London
100%
Luxembourg
100%
Madrid
100%
Minsk
100%
Oslo
100%
Paris
100%
Reykjavik
100%
Riga
100%
Rome
100%
Sofia
100%
Stockholm
100%
Tallinn
100%
Tirana
100%
Valletta
100%
Vilnius
100%
Warsaw
100%
Belgrade
86%
Bern
86%
Bratislava
86%
Bucharest
86%
Budapest
86%
Monaco
86%
Moscow
86%
Podgorica
86%
Prague
86%
San Marino
86%
Sarajevo
86%
Vienna
86%
Zagreb
86%
Ljubljana
71%
Skopje
71%
Vaduz
71%
Vatican City
71%
Pristina
57%
No matching quizzes found
Score Distribution
Percent of People with Each Score
Percentile by Number Answered
Your Score History
You have not taken this quiz